000 00365 a2200157 4500
001 155319
040 _cEscola São Tomás de Aquino
100 _aGIOVANNI, José Ruy
240 1 0 _aMatemática pensar & descobrir
_lpor
245 1 0 _aMatemática pensar & descobrir
300 _a304
362 0 _a2005
440 1 _aFTD
697 _aMATEMÁTICA
942 _cBK
999 _c155319
_d155319